000 01956nam0a22003251 4500
001 rc\4993940
005 20260407041632.0
021 _aRU
_b[63-47988]
035 _a(NLR Aleph) 008989151
090 _a9235218
_c9235218
100 _a20130430d1963 |||y0rusy50 ca
101 0 _arus
102 _aRU
105 _ay ac |||||
200 1 _aСпециальные способы проходки горных выработок
_e(Библиогр. указатель книжной и журн. отечеств. и иностр. литературы за 1950-1961 гг.)
_fПод общ. ред. чл.-кор. АН СССР Г.И. Маньковского и канд. техн. наук Н.Н. Ершова
_gГос. ком. по топливной пром-сти при Госплане СССР. Центр. науч.-исслед. ин-т информации и техн.-экон. исследований угольной пром-сти. Ин-т горного дела им. А.А. Скочинского. Науч.-техн. б-ка
210 _aМосква
_cБ. и.
_d1963
215 _a256 с.
_d20
300 _aНа обороте тит. л. сост.: Ю.Д. Гуреева, Л.В. Ильина-Миткевич и Л.Г. Поплавская
606 _aПроходка горных выработок
_jБиблиография
_2psbo
702 1 _aГуреева
_bЮ.Д.
_4220
702 1 _aИльина-Миткевич
_bЛ.В.
_4220
702 1 _aПоплавская
_bЛ.Г.
_4220
702 1 _aЕршов
_bН.Н.
_4340
702 1 _aМаньковский
_bГ.И.
_gГригорий Ильич
_4340
712 0 2 _aИнститут горного дела им. А. А. Скочинского
_cМосква
_bНаучно-техническая библиотека
_3RU\NLR\AUTH\8810013778
_9525453
801 0 _aRU
_bNLR
_gpsbo
801 1 _aRU
_bELAR
_2rusmarc
852 _aNLR
_jС335-410/С-71
942 _cBOOK
980 _aNB